La actividad matemática en el aula: homenaje a Paulo Abrantes

Guardat en:
Dades bibliogràfiques
Autors principals: Giménez, Joaquim (Autor), Santos, Leonor (Autor), Da Ponte, José (Autor)
Format: Llibre
Idioma:espanyol
Publicat: Barcelona Grao 2007
Edició:2a. ed
Col·lecció:Biblioteca del Uno. Serie Didáctica de las Matemáticas, 204
Matèries:
Etiquetes: Afegir etiqueta
Sense etiquetes, Sigues el primer a etiquetar aquest registre!

MARC

LEADER 00000nam a2200000 a 4500
001 UCI7236
003 CL-VaPUC
008 080613e20070000SP |||||||||||||||||spa|d
020 |a 9788478273553 
082 0 4 |a 510.0712  |b GIM  |2 21 
100 |a Giménez, Joaquim  |e author  |9 530397 
700 0 |a Santos, Leonor  |e author  |9 530398 
700 0 |a Da Ponte, José  |e author  |9 530399 
245 1 3 |a La actividad matemática en el aula: homenaje a Paulo Abrantes  
250 |a 2a. ed 
300 |a 176 p 
942 |c BK 
945 |d 20080613 00:00:00  |a jtorresc 
260 |a Barcelona  |b Grao  |c 2007 
650 0 |a Matemáticas  |x Enseñanza  |9 875527 
650 0 |a Estudio y enseñanza  |9 270395 
650 0 |a Métodos de enseñanza  |9 270413 
583 |a last modification  |c 20080613 00:00:00  |k Rodrigo Vera 
490 0 |a Biblioteca del Uno. Serie Didáctica de las Matemáticas, 204 
999 |c 330579  |d 330577 
952 |0 0  |1 0  |4 0  |6 510_071200000000000_GIM_2007  |7 0  |8 A  |9 416185  |a BIBMAT  |b BIBMAT  |c E_DIDACT  |d 2019-11-22  |i 445037K  |o 510.0712 GIM 2007  |p 445037K  |r 2025-01-07  |w 2019-11-22  |y BK  |k MAT 
952 |0 0  |1 0  |4 0  |6 510_071200000000000_GIM_2007  |7 0  |8 A  |9 416186  |a BIBMAT  |b BIBMAT  |c E_DIDACT  |d 2019-11-22  |i 4450388  |o 510.0712 GIM 2007  |p 4450388  |r 2025-01-07  |w 2019-11-22  |y BK  |k MAT 
952 |0 0  |1 0  |4 0  |6 510_071200000000000_GIM_2007  |7 0  |8 A  |9 416187  |a BIBMAT  |b BIBMAT  |c E_DIDACT  |d 2019-11-22  |i 4450396  |o 510.0712 GIM 2007  |p 4450396  |r 2025-01-07  |w 2019-11-22  |y BK  |k MAT